[Event "AUT-ch Vor3 Internet"]
[Site "Playchess.com INT"]
[Date "2020.04.17"]
[Round "7"]
[White "Katter, Katharina"]
[Black "Krassnitzer, Julia"]
[Result "1-0"]
[WhiteElo "1930"]
[BlackElo "1803"]
[PlyCount "81"]
[EventDate "2020.04.17"]
[EventType "swiss (blitz)"]
[EventRounds "9"]
[EventCountry "AUT"]
[SourceTitle "CBM 195 Extra"]
[Source "ChessBase"]
[SourceDate "2020.05.31"]
[SourceVersion "1"]
[SourceVersionDate "2020.05.31"]
[SourceQuality "1"]

1. d4 Nf6 2. Nf3 g6 3. e3 Bg7 4. b3 d6 5. Bb2 0-0 6. Be2 c5 7. 0-0 cxd4 8. exd4 Ne4 9. Nbd2 d5 10. c4 e6 11. Qc2 f5 12. Ne5 Nc6 13. Nxc6 bxc6 14. f3 Nxd2 15. Qxd2 Qc7 16. Ba3 Rf7 17. Bc5 Ba6 18. Rfe1 Re8 19. Bf1 Rd7 20. cxd5 Bxf1 21. dxe6 Rd5 22. Kxf1 Qxh2 23. e7 Qh1+ 24. Kf2 Qh4+ 25. Kg1 Bxd4+ 26. Bxd4 Rxd4 27. Qe3 Rd7 28. Qe6+ Kg7 29. Qxd7 Kf7 30. Qe6+ Kg7 31. Qxc6 Qd4+ 32. Kf1 Qd3+ 33. Kf2 Qd4+ 34. Kg3 h5 35. Rad1 h4+ 36. Kh2 Qf4+ 37. Kg1 h3 38. Qxe8 h2+ 39. Kh1 Qg3 40. Qf8+ Kh7 41. e8Q 1-0

[Event "AUT-ch Vor3 Internet"]
[Site "Playchess.com INT"]
[Date "2020.04.17"]
[Round "8"]
[White "Krassnitzer, Julia"]
[Black "Rosol, Philip"]
[Result "0-1"]
[WhiteElo "1803"]
[BlackElo "1468"]
[PlyCount "54"]
[EventDate "2020.04.17"]
[EventType "swiss (blitz)"]
[EventRounds "9"]
[EventCountry "AUT"]
[SourceTitle "CBM 195 Extra"]
[Source "ChessBase"]
[SourceDate "2020.05.31"]
[SourceVersion "1"]
[SourceVersionDate "2020.05.31"]
[SourceQuality "1"]

1. e4 d6 2. Nf3 Nf6 3. Nc3 e5 4. d4 Nbd7 5. dxe5 dxe5 6. Bb5 c6 7. Bc4 Be7 8. 0-0 Qc7 9. Be3 h6 10. Qe2 Nf8 11. h3 g5 12. Nd2 Ng6 13. Nb3 Nf4 14. Bxf4 gxf4 15. f3 Rg8 16. Kh1 Nh5 17. Kh2 Ng3 18. Qd2 Nxf1+ 19. Rxf1 Be6 20. Rd1 Bxc4 21. Na4 Bxb3 22. axb3 b5 23. Nc3 Rd8 24. Qe2 Rxd1 25. Qxd1 Qd7 26. Qa1 Qd2 27. Qxa7 Qxg2# 0-1

[Event "AUT-ch Vor3 Internet"]
[Site "Playchess.com INT"]
[Date "2020.04.17"]
[Round "4"]
[White "Mira, Helene"]
[Black "Krassnitzer, Julia"]
[Result "1-0"]
[WhiteElo "2082"]
[BlackElo "1803"]
[PlyCount "31"]
[EventDate "2020.04.17"]
[EventType "swiss (blitz)"]
[EventRounds "9"]
[EventCountry "AUT"]
[SourceTitle "CBM 195 Extra"]
[Source "ChessBase"]
[SourceDate "2020.05.31"]
[SourceVersion "1"]
[SourceVersionDate "2020.05.31"]
[SourceQuality "1"]

1. d4 Nf6 2. Nf3 g6 3. c4 Bg7 4. Nc3 d6 5. e4 0-0 6. Be2 Nbd7 7. 0-0 e5 8. d5 Nc5 9. Qc2 Nh5 10. b4 Nd7 11. g3 f5 12. Ng5 fxe4 13. Bxh5 gxh5 14. Ncxe4 Nf6 15. Nxf6+ Bxf6 16. Qxh7# 1-0

[Event "AUT-ch Vor2 Internet"]
[Site "Playchess.com INT"]
[Date "2020.04.13"]
[Round "2"]
[White "Krassnitzer, Julia"]
[Black "Kwech, Martin"]
[Result "1-0"]
[WhiteElo "1803"]
[BlackElo "1105"]
[PlyCount "55"]
[EventDate "2020.04.13"]
[EventType "swiss (blitz)"]
[EventRounds "9"]
[EventCountry "AUT"]
[SourceTitle "CBM 195 Extra"]
[Source "ChessBase"]
[SourceDate "2020.05.31"]
[SourceVersion "1"]
[SourceVersionDate "2020.05.31"]
[SourceQuality "1"]

1. e4 c5 2. Nf3 d6 3. Bb5+ Bd7 4. Bxd7+ Qxd7 5. 0-0 Nc6 6. c3 Nf6 7. Re1 e6 8. d4 cxd4 9. cxd4 Be7 10. Nc3 0-0 11. Be3 e5 12. d5 Nd8 13. Rc1 Rc8 14. Bxa7 h6 15. Bb6 Ng4 16. h3 Nf6 17. Nh4 Nxd5 18. Nxd5 Bxh4 19. Rxc8 Qxc8 20. Qh5 Bg5 21. h4 Bf6 22. Nxf6+ gxf6 23. Qxh6 Ne6 24. Qxf6 Ng7 25. Re3 Qc1+ 26. Kh2 Qd2 27. Rg3 Qf4 28. Qxg7# 1-0

[Event "AUT-ch Vor2 Internet"]
[Site "Playchess.com INT"]
[Date "2020.04.13"]
[Round "3"]
[White "Prinz, Hubert"]
[Black "Krassnitzer, Julia"]
[Result "1-0"]
[WhiteElo "1956"]
[BlackElo "1803"]
[PlyCount "73"]
[EventDate "2020.04.13"]
[EventType "swiss (blitz)"]
[EventRounds "9"]
[EventCountry "AUT"]
[SourceTitle "CBM 195 Extra"]
[Source "ChessBase"]
[SourceDate "2020.05.31"]
[SourceVersion "1"]
[SourceVersionDate "2020.05.31"]
[SourceQuality "1"]

1. d4 Nf6 2. Nf3 g6 3. e3 d6 4. Bd3 Bg7 5. 0-0 Nbd7 6. Nbd2 e5 7. c3 0-0 8. e4 Re8 9. Re1 c6 10. b3 Nh5 11. Nf1 Nf4 12. Bxf4 exf4 13. Qc2 Nf8 14. h3 Ne6 15. Rad1 Ng5 16. N1h2 Nxf3+ 17. Nxf3 Rf8 18. e5 dxe5 19. dxe5 Qc7 20. a4 Be6 21. Ng5 Bxe5 22. Nxe6 fxe6 23. Bxg6 f3 24. Bxh7+ Kh8 25. Be4 Bh2+ 26. Kh1 fxg2+ 27. Bxg2 Rf5 28. Rxe6 Raf8 29. Re2 Qf4 30. Rd4 Qc7 31. Rh4+ Kg7 32. Rg4+ Kh6 33. Qd2+ Kh5 34. Re6 Bf4 35. Qe2 Qd8 36. Rxf4+ Kg5 37. Qg4# 1-0

[Event "AUT-ch Vor2 Internet"]
[Site "Playchess.com INT"]
[Date "2020.04.13"]
[Round "5"]
[White "Schumi, Manfred"]
[Black "Krassnitzer, Julia"]
[Result "1-0"]
[WhiteElo "2202"]
[BlackElo "1803"]
[PlyCount "127"]
[EventDate "2020.04.13"]
[EventType "swiss (blitz)"]
[EventRounds "9"]
[EventCountry "AUT"]
[SourceTitle "CBM 195 Extra"]
[Source "ChessBase"]
[SourceDate "2020.05.31"]
[SourceVersion "1"]
[SourceVersionDate "2020.05.31"]
[SourceQuality "1"]

1. e4 e5 2. Nf3 Nc6 3. Bb5 a6 4. Ba4 Nf6 5. 0-0 Be7 6. Re1 b5 7. Bb3 d6 8. a4 Bg4 9. c3 0-0 10. h3 Bh5 11. d3 Qd7 12. Nbd2 Na5 13. Bc2 c5 14. Nf1 b4 15. Ng3 Bg6 16. d4 exd4 17. cxd4 Rab8 18. dxc5 dxc5 19. Bf4 Qxd1 20. Raxd1 Rbd8 21. Rxd8 Bxd8 22. Bd6 Re8 23. Bxc5 b3 24. Bd3 Be7 25. Bxe7 Rxe7 26. Bxa6 h6 27. e5 Nd5 28. Rd1 Nb4 29. Bb5 Nb7 30. h4 Nc5 31. h5 Bc2 32. Rd8+ Kh7 33. Ne2 Ncd3 34. Bxd3+ Nxd3 35. Ned4 Nxb2 36. Nxc2 bxc2 37. Rc8 Nxa4 38. Rxc2 Nb6 39. Rc5 Nd7 40. Ra5 Nf8 41. g4 Ne6 42. Kh2 Rd7 43. Kg3 Rc7 44. Nh4 Rc3+ 45. f3 Ng5 46. Ra4 g6 47. hxg6+ fxg6 48. Rf4 Kg7 49. Rf6 Nf7 50. Rxg6+ Kh7 51. Re6 Ng5 52. Rf6 Re3 53. Nf5 Rxe5 54. Rxh6+ Kg8 55. Rg6+ Kf7 56. Rxg5 Re1 57. Rg7+ Kf8 58. Ra7 Rg1+ 59. Kf4 Rb1 60. g5 Rb5 61. g6 Kg8 62. Kg5 Rc5 63. Ra8+ Rc8 64. Rxc8# 1-0